000 00416cam a22001577a 4500
005 20250901165806.0
008 050531s2004 ke 000 | eng
010 _a 2005328409
020 _a9966498591
050 0 0 _aPR 9408.9 .M85 2006
100 1 _aMulwa, David.
245 1 0 _aInheritance /
_cDavid Mulwa.
260 _aNairobi, Kenya :
_bLonghorn Publishers,
_c2004.
300 _a137 p. ;
_c21 cm.
942 _2lcc
999 _c9301
_d9301